|
|
|
|
| LEADER |
00000nam0a2200000 4500 |
| 001 |
19718 |
| 005 |
20231030191818.0 |
| 035 |
|
|
|a (RuTPU)RU\TPU\book\19886
|
| 035 |
|
|
|a BOOK00004575
|
| 090 |
|
|
|a 19718
|
| 100 |
|
|
|a 20011209d1970 k y0rusy50 ca
|
| 101 |
1 |
|
|a rus
|c grc
|
| 102 |
|
|
|a RU
|
| 105 |
|
|
|a y z 000zb
|
| 200 |
1 |
|
|a Демокрит
|e Тексты. Перевод. Исследования
|e пер. с древнегреч.
|f С. Я. Лурье
|
| 210 |
|
|
|a Ленинград
|c Наука
|d 1970
|
| 215 |
|
|
|a 664 с.
|
| 600 |
|
0 |
|a Демокрит
|c древнегреческий философ
|f около 470/460 г. до н.э. - ?
|2 stltpui
|3 (RuTPU)RU\TPU\pers\143
|
| 610 |
1 |
|
|a философия
|
| 610 |
1 |
|
|a история
|
| 610 |
1 |
|
|a древнегреческая философия
|
| 610 |
1 |
|
|a 5 век до н.э.
|
| 610 |
1 |
|
|a 4 век до н.э.
|
| 610 |
1 |
|
|a материализм античный
|
| 686 |
|
|
|a Ю3(0)3
|v LBC/SL-A
|2 rubbk
|
| 700 |
|
1 |
|a Лурье
|b С. Я.
|g Соломон Яковлевич
|
| 801 |
|
0 |
|a RU
|b 63413507
|c 20011209
|g PSBO
|
| 801 |
|
2 |
|a RU
|b 63413507
|c 20190211
|g PSBO
|
| 942 |
|
|
|c BK
|